| 000 | 00493nam a2200181Ia 4500 | ||
|---|---|---|---|
| 005 | 20240913130041.0 | ||
| 008 | 240913s9999||||xx |||||||||||||| ||und|| | ||
| 041 | _aENGLISH | ||
| 082 | _A616.85506 Q5 | ||
| 100 | _aDwight,Debra M | ||
| 245 | 0 | _aHands-On Core Skills in Speech-Language Pathology | |
| 250 | _a2nd | ||
| 260 |
_c2015 _bPlural Publishin |
||
| 500 | _aREFERENCE | ||
| 650 |
_aAudiology Speech and Language Pathology _bAllied Health Science |
||
| 942 | _cREF | ||
| 999 |
_c246854 _d246854 |
||